| 000 | 00985cam a22003133a 4500 | ||
|---|---|---|---|
| 001 | 23266 | ||
| 003 | PGUSA | ||
| 005 | 20140828083509.0 | ||
| 008 | 071031s2007||||xxu|||||s|||||000 1 eng d | ||
| 040 |
_aPGUSA _beng |
||
| 042 | _adc | ||
| 050 | 4 | _aPS | |
| 100 | 1 |
_aRobertson, Margaret M. _q(Margaret Murray), _d1821-1897 |
|
| 245 | 1 | 0 |
_aJanet's Love and Service _h[electronic resource] / _cMargaret M. Robertson |
| 260 |
_bProject Gutenberg, _c2007 |
||
| 506 | _aPublic domain in the USA. | ||
| 516 | _aElectronic text | ||
| 653 | _aScotland -- Emigration and immigration -- Fiction | ||
| 653 | _aDomestics -- Fiction | ||
| 653 | _aCanada -- Fiction | ||
| 653 | _aClergy -- Family relationships -- Fiction | ||
| 653 | _aNew England -- Fiction | ||
| 653 | _aMotherless families -- Fiction | ||
| 653 | _aFamily -- Fiction | ||
| 653 | _aChristian life -- Fiction | ||
| 830 | 0 |
_aProject Gutenberg _v23266 |
|
| 856 | 4 | 0 | _uhttp://www.gutenberg.org/ebooks/23266 |
| 942 | _cEB | ||
| 999 |
_c252521 _d252521 |
||